Statistics for さいたま市の行政区

Click here to take the quiz!

General Stats

  • This quiz has been taken 257 times
  • The average score is 8 of 10

Answers on the Map

Answers color-coded by a green-red scale on the quiz's map according to % correct below.
 

Answer Stats

Ward% Correct
浦和区
97%
南区
96%
大宮区
96%
北区
95%
西区
94%
岩槻区
88%
中央区
86%
見沼区
67%
桜区
66%
緑区
62%

Score Distribution

Percentile by Number Answered

Percent of People with Each Score

Your Score History

You have not taken this quiz